000
00294nam a22001337a 4500
008
170302b xxu||||| |||| 00| 0 eng d
020
_a
9780683006209
041
_a
eng
080
_a
616.073
100
_a
6
101
_a
SHM
245
_a
AUDIOLOGY THE FUNDAMENTALS
_c
BEDD.HF
942
_2
udc
_c
BK
999
_c
6566
_d
6566